01894cam a22003011 4500001001300000003000400013005001700017008004100034010001700075035001900092040005000111042001200161050003200173110003200205245011000237260006300347300005700410490004300467500006500510500008400575504002900659505075400688650002401442650002701466700003201493700003001525700003701555gs 15000546 DLC20260227111318.0780411m18631886ii af b f000 0 eng c ags 15000546  a(OCoLC)3793903 aU. S. Geological Survey, LibrarycGUdGUdDLC apremarc00aQE756.I4bA3 ser. 2, 11, 122 aGeological Survey of India.10a... Fossil flora of the Gondwana system ...cby T. Oldham ... J. Morris ... [and] Ottokar Feistmantel ... aCalcutta,bGeological Survey Office [etc., etc.]c1863-86. a4 v.billus., plates (part col., part fold.)c35 cm.0 aPalæontologia indica [ser. 2, 11, 12] aAt head of title: Memoirs of the Geological Survey of India. aOnly v. 1, pt. 1. is by T. Oldham and J. Morris, the rest is by O. Feistmantel. aContains bibliographies.0 av. 1. pt. 1. Fossil flora of the Rajmahal series in the Rajmahal hills. 1863. pt. 2. Jurassic (Liassic) flora of the Rajmahal group in the Rajmahal hills. 1877. pt. 3. Jurassic (Liassic) flora of the Rajmahal group from Golapili, near Ellore, South Godavari. 1877. pt. 4. Upper Gondwana flora of the outliers on the Madras coast. 1879.--v. 2. pt. 1. Jurassic (Oolitic) flora of Kach. 1876. pt. 2. Flora of the Jabalpur group (Upper Gondwanas) in theSon-Narbada region. 1877.--v. 3. pt. 1. The flora of the Talchir-Karharbari beds. 1879-81. pt. 2-3. The flora of the Damuda-Panchet divisions. 1880-81.--v. 4. pt. 1. The fossil flora of the South Rewah Gondwána basin. 1882. pt. 2. The fossil flora of some of the coalfields in western Bengal. 1886. 0aPaleobotanyzIndia. 0aPaleobotanyyJurassic.1 aOldham, Thomas,d1816-1878.1 aMorris, John,d1810-1886.1 aFeistmantel, Ottokar, 1848-1891.